| 000 | 00000nas##2200000za#4500 |
| 001 | 9.512451 |
| 003 | CaOODSP |
| 005 | 20200331215246 |
| 007 | ta |
| 008 | 150406c2014||||xxc|| p #||||f| |0fre|d |
| 022 | |a2368-027X |
| 040 | |aCaOODSP|bfre |
| 041 | |aeng |
| 041 | |afre |
| 043 | |an-cn--- |
| 086 | 1 |aV95 |
| 110 | 1 |aCanada. |bTribunal des anciens combattants (révision et appel) |
| 245 | 10|aTribunal des anciens combattants (révision et appel) - rapport annuel |
| 260 | |aOttawa - Ontario : |bTribunal des anciens combattants (révision et appel) |
| 310 | |aAnnuel |
| 362 | 1 |a2013-2014-- |
| 776 | 0#|tRapport annuel |w(CaOODSP)9.504246 |
| 791 | |tVeterans Review and Appeal Board - annual report |eeng|w(CaOODSP)9.512450 |